000
00495nam a2200181Ia 4500
008
090124s9999 xx 000 0 und d
082
_b
121496
100
_a
कुलकर्णी विनायक.
245
_a
झाकोळ
250
_a
1
260
_c
1986
300
_a
176
600
_a
कुलकर्णी विनायक.
630
_a
झाकोळ
700
_a
कुलकर्णी विनायक.
730
_a
झाकोळ
942
_c
BOOK
999
_c
167582
_d
167582